Find the Flags #1 - Statistics

General Stats
  • This quiz has been taken 1,990 times
  • The average score is 3 of 5
Answers on the Map
Answers color-coded by a green-red scale on the quiz's map according to % correct below.
 
Answer Stats
Answer % Correct
Belgium
84%
South Korea
66%
Trinidad & Tobago
65%
Palau
56%
Gambia
40%
No matching quizzes found
Score Distribution
Percent of People with Each Score
Percentile by Number Answered
Your Score History
You have not taken this quiz